[Event "Douglas IoM op"]
[Site "Douglas"]
[Date "2017.09.23"]
[Round "1"]
[White "Caruana, Fabiano"]
[Black "Kramnik, Vladimir"]
[Result "1-0"]
[WhiteElo "2799"]
[BlackElo "2803"]
[Annotator "Marin,M"]
[PlyCount "133"]
[EventDate "2017.09.23"]
[EventType "swiss"]
[EventRounds "9"]
[EventCountry "IOM"]
[SourceTitle "CBM 181"]
[Source "ChessBase"]
[SourceDate "2017.11.10"]
[SourceVersion "1"]
[SourceVersionDate "2017.11.10"]
[SourceQuality "1"]

1. c4 e6 2. Nc3 d5 3. d4 Nf6 4. cxd5 exd5 5. Bg5 c6 6. Qc2 h6 {Traditionally
inserting ...h7-h6 was supposed to help White retreat with his bishop on a
safer square and simply weaken Black's kingside. But lately Black has
discovered a few positive aspects of this move.} 7. Bh4 Be7 8. e3 O-O 9. Bd3
Re8 10. Nge2 ({In my article for CBM 156 I examined the position arising after
} 10. Nf3 Nbd7 11. O-O Ne4 {when ...h7-h6 is useful.}) 10... Nh5 {This plan is
traditionally combined with castling long. But with the pawn on h6, Black can
also use it with the king on g8 already. The effects of ...h7-h6 are far from
one-sided. In the early phase it will ensure the king's knight some stability
on f6, but if White manages to carry out g2-g4, h2-h4 and g4-g5, weakening the
kingside may prove dangerous for Black. Black should not delay this knight
move as White might soon play f2-f3 (part of his main plan anyway) and then
answer ...Nh5 with Bf2.} 11. Bxe7 Qxe7 12. h3 {A half waiting move, but
already a partial committment to castling long. The way I understand it, White
intends keeping his king in the centre until Black plays ...Nbd7, in order to
avoid a later ...Na6 as in some lines below.} ({Kramnik had faced} 12. O-O {
in a blitz game.} Nd7 13. Rae1 ({Actually this position was known a long time
ago:} 13. h3 Nf8 14. Rae1 g6 15. e4 $6 {Black is well regrouped against this
pawn break.} dxe4 16. Bxe4 Be6 17. g4 Nf6 18. Bg2 Qd6 19. Qd2 Kg7 20. Rd1 Bd5
21. Ng3 Ne6 $17 {Boutteville,C-Tartakower,S Paris 1954 (0-1, 42)}) 13... Nf8
14. Nc1 {Unlike in the classical game, White tries combining pressure on the
queenside and in the centre.} Nf6 15. Nb3 Ne6 16. f3 a5 17. Na4 Qd8 18. Nbc5
Nf8 $1 {It is useful to avoid the knight exchange, as after the planned ...
b7-b5 one of White's knights will be superfluous from the point of view of the
fight for the c5-square.} 19. Qb3 b5 20. Nc3 Ne6 21. Nxe6 Bxe6 22. Qc2 Qb6 23.
Qf2 a4 24. Rc1 b4 25. Ne2 Ra5 26. h3 c5 27. dxc5 Rxc5 28. e4 Nd7 $11 {
Nepomniachtchi,I (2751)-Kramnik,V (2811) Zuerich (blitz) 2017 (1-0, 79)}) ({
As mentioned before,} 12. O-O-O {is slightly premature:} Nf6 13. Ng3 ({This is
too slow to be dangerous but even against the standard attack with} 13. h3 {
Black can react in the same way:} b5 14. g4 a5 15. Ng3 a4 16. Kb1 a3 17. b3 Na6
$132) 13... b5 14. Kb1 a5 15. Nf5 Bxf5 16. Bxf5 a4 17. g4 a3 18. b3 Na6 19. h4
Nb4 20. Qe2 Ne4 (20... g6 21. Bd3 Nxd3 22. Rxd3 b4 23. Na4 Ne4 $15) 21. Rc1 (
21. Bxe4 dxe4 22. g5 $40) 21... g6 22. Bxe4 dxe4 23. g5 h5 $1 $15 {
Javakhishvili,L (2461)-Arabidze,M (2379) Doha 2016 (0-1, 42)}) 12... a5 $5 {
Black gladly embarks on the half-waiting game. The advance of the a-pawn is
useful in many cases. If White castles short (which is less recommendable
after h2-h3), the a-pawn would slow down the minority attack. And if White
castles long, Black can continue with the familiar ...b7-b5 and so on.} ({
Even though it looks like a flexible move,} 12... Nf6 {has the drawback of
depriving Black of ...Qh4 after} 13. O-O Nbd7 14. Ng3 Nf8 15. Rfe1 Bd7 16. a3
Qd6 17. Rad1 Rad8 18. b4 Rc8 19. e4 $5 dxe4 20. Ncxe4 Nxe4 21. Nxe4 Qc7 22. Re3
$14 {White has some space advantage and chances to create kingside threats.
With his next move Black underestimates the latter aspect.} Be6 $2 {Jacimovic,
D (2428)-Sablic,B (1997) Obrenovac 2010 (1-0, 47)} 23. Nf6+ $1 gxf6 24. Rg3+
Ng6 (24... Kh8 25. Qc1 {more or less mates.}) 25. Bxg6 Kh8 (25... fxg6 26.
Qxg6+ Kf8 27. Qxf6+ Qf7 28. Qxh6+ Ke7 29. Rg7 $18) 26. Bf5 Qf4 27. Bxe6 fxe6 (
27... Rxe6 $16) 28. Rg6 Rg8 29. g3 Rxg6 30. Qxg6 Qg5 31. Qf7 $18) ({And if} 
12... Nd7 {then of course} 13. O-O-O) 13. a3 {This would be completely natural
if White intended castling short and then starting his queenside attack. But
the way the game goes, it weakens the queenside, offering Black additional
attacking ideas.} (13. g4 Nf6 14. Ng3 {takes the knight away from the
d4-square at a moment when the king is still in the centre.} c5 $5 (14... Na6
15. a3 c5 $5) 15. Nce2 c4 16. Bf5 Nc6 17. O-O b5 18. Nf4 g6 19. Bxc8 Raxc8 20.
Qd1 Qd6 21. Qf3 Ne4 $15 {Novotny,M (2219)-Konopka,M (2424) Zdar nad Sazavou
2007 (0-1, 44)}) ({Trying to cope without a2-a3 by playing} 13. Na4 {at once
does not lead anywhere after} Qb4+ 14. Nec3 $2 Qxd4) 13... Nd7 {Now that Black
has a queenside target, he can return to the normal course of development.} 14.
Na4 (14. O-O Qh4 $5 {sets up unpleasant kingside pressure.}) (14. O-O-O b5 {
offers Black a strong initiative.}) 14... Qh4 $5 {Another refined manoeuvre
typical of Kramnik. In principle, his intention seemed to be retreating with
the queen to d8, but before that he wanted to make sure White was not castling
short after all.} ({But} 14... Qg5 {is a worthy alternative with similar ideas.
} 15. g4 (15. O-O Ndf6 16. Kh2 Qh4) 15... Nhf6 16. Ng3 (16. O-O-O Ne4 17. Nf4
Qe7 18. h4 b5 19. Qxc6 Ra6 20. Qc2 Bb7 21. Kb1 Rc8 22. Qe2 Rc4 $5 $36) 16...
Qf4 17. Qe2 Qc7 $13) ({If} 14... Qd8 {at once he might have been worried about}
15. O-O $5) 15. g3 {Deciding on which square the enemy queen is molesting most
is not easy:} (15. g4 $5 Nhf6 16. Ng3 Ne4 17. Bxe4 (17. Nxe4 dxe4 18. Bxe4 Nf6
19. Bg2 Rxe3+) 17... dxe4 18. O-O-O (18. Nxe4 b5 19. Nac3 Bb7) 18... Qe7 19.
Kb1 Rb8 20. Rc1 Nf6 21. Qc5 {with some light pressure.}) 15... Qd8 {Now, of
course, castling short is not appealing at all.} 16. g4 Nhf6 17. Ng3 Nf8 18.
O-O-O b6 {The start of a consistent plan, which Kramnik will execute in
imperfect form, though.} ({The more adventurous} 18... Ne6 $5 19. Kb1 b5 {
was also viable:} 20. Nc5 Nxc5 21. Qxc5 b4 22. a4 (22. Qxc6 Rb8 23. a4 Bd7 24.
Qc2 b3) (22. axb4 axb4 23. Qxb4 Ne4 24. Nxe4 dxe4 25. Bc4 Ba6 $36) 22... Ba6
23. Qxc6 Bxd3+ 24. Rxd3 Re6 25. Qc2 Rc8 26. Qb3 Rec6 $44) 19. Kb1 ({In
Sicilian positions with castling on opposite sides Wite would think of} 19. g5
hxg5 20. h4 {but here it does not seem offering realistic attacking chances:}
g4 21. h5 Bd7 22. h6 g6 $15) 19... Bd7 20. Nf5 c5 $6 {Prematurely carrying out
the correct idea.} ({Since the b-file was likely to open, Black should have
prepared the pawn break with} 20... Rb8 21. Rhg1 ({One important element is
that White does not seem to be able to use the available tempo for speeding up
his kingside attack:} 21. h4 Nxg4 22. h5 Bxf5 23. Bxf5 Nf6 24. Rhg1 Ne6 25. Rg2
Kh8) 21... c5 {Now this is very strong.} 22. dxc5 (22. g5 hxg5 23. Rxg5 Ne6 24.
Rg2 c4 25. Be2 Kf8 26. Rdg1 g6 {and Black's attacking chances are more
realistic.}) 22... Bxa4 23. Qxa4 bxc5 24. h4 ({A similar idea to that in the
game} 24. Bb5 $2 {loses a piece to} Qb6) 24... c4 $1 {This is also possible
only with the rook on b8.} 25. Bxc4 (25. Be2 c3 26. b3 Re4 27. Rd4 Ne6 $40)
25... Qb6 $1) 21. dxc5 Bxa4 22. Qxa4 bxc5 23. Bb5 (23. h4 $16 {is also strong.}
) 23... Re6 24. Qc2 {White has used the favourable moment for activating his
pieces. Black's pawns are really "hanging".} Rb6 $6 (24... Qb6 $6 25. a4 Rd8
26. h4 Nxg4 27. Rhg1 h5 28. Nxg7 Kxg7 29. f3 $40) ({But Black should have
fought against White's stabilising on the light squares at any cost with} 24...
a4 $1 25. Qxc5 (25. Bxa4 Rb6 $40 {[%cal Ga8a1,Gb6b1]}) 25... Rc8 26. Qa7 Ra8
27. Qc5 Rc8 $11 28. Qd4 $6 Rb8 29. Bd3 Reb6 30. Rd2 Ne6 $36) 25. a4 $14 {
Black has to try hard to find counterplay now.} Ne6 26. h4 Nc7 {It is
essential to dislocate the bishop.} (26... Nxg4 27. Rxd5 $1) 27. Qxc5 Nxb5 28.
axb5 Qb8 $2 {This unnatural move loses a pawn and basically the game.} ({
Things would not be entirely clear after} 28... Rab8 29. Ne7+ Kh8 30. Nc6 Qc8 {
for instance} 31. Qd4 R8b7 32. Nxa5 Rb8 33. Nc6 R8b7 34. g5 $6 Rxb5 $1) 29. g5
$16 Rxb5 30. Qc2 Ne4 31. Ne7+ Kh8 32. Rxd5 Rxd5 33. Nxd5 Qe5 34. Rd1 Rd8 (34...
hxg5 35. hxg5 Re8 36. f4 Qf5 37. Ka1 {preparing Rh1+ and Qh2, leaves Black
under a nasty pin and with his king exposed along the h-file.}) 35. Rd4 Rxd5
36. Rxe4 Rd1+ {Black needs to get a tempo for exchanging on g5, as otherwise
gxh6 would decisively weaken his king. But this will lead to a hopeless rook
ending.} 37. Ka2 Qd5+ 38. Qc4 hxg5 39. hxg5 Kh7 40. Qxd5 Rxd5 41. f4 Kg6 42.
Rd4 Rb5 43. Ka3 {White has a solid kingside structure and a clear target on a5.
Black can never activate his king that much to generate adequate counterplay.}
Kf5 44. b3 f6 45. Ka4 Rb7 46. Rc4 Ra7 (46... fxg5 47. Rc5+ Ke4 48. Re5+ Kf3 49.
fxg5 $18) (46... Rb6 47. Rc5+ Ke4 48. Rb5 Rc6 49. Rb7 fxg5 50. Rxg7 gxf4 51.
exf4 Rb6 52. Rg5 Kxf4 53. Rxa5 {[%csl Rf4][%cal Ga5h5] The king is cut off
horizontally, the game is over.}) 47. Rc5+ Ke4 48. Rxa5 Re7 49. gxf6 gxf6 50.
Ra6 Kf5 {Resigning was a worthy alternative already, but Kramnik probably
needed some time to digest his earlier mistakes.} (50... f5 51. Ra5 {
inevitably defends e3 with Re5 as if} Re6 52. Re5+ Rxe5 53. fxe5 Kxe5 54. b4
$18) 51. Rd6 Ra7+ 52. Kb5 Rb7+ 53. Kc4 Rc7+ 54. Kd4 Rb7 55. e4+ Kxf4 56. Rxf6+
Kg5 57. Rf5+ Kg4 58. Kc4 Re7 59. Rd5 Kf4 (59... Rxe4+ 60. Rd4) 60. e5 Kf5 61.
b4 Ke6 62. b5 Ra7 63. b6 Rb7 64. Rb5 Kd7 65. Kd5 Kc8 66. e6 Kd8 67. Kc6 1-0

[Event "FRA-chT Top 16 GpA"]
[Site "Mulhouse"]
[Date "2005.02.04"]
[Round "1"]
[White "Rowson, Jonathan"]
[Black "Slobodjan, Roman"]
[Result "1/2-1/2"]
[WhiteElo "2572"]
[BlackElo "2544"]
[Annotator "Marin,M"]
[PlyCount "81"]
[EventDate "2005.02.04"]
[EventType "team"]
[EventRounds "7"]
[EventCountry "FRA"]
[SourceTitle "CBM 106"]
[Source "ChessBase"]
[SourceDate "2005.06.06"]
[SourceVersion "1"]
[SourceVersionDate "2005.06.06"]
[SourceQuality "1"]

1. d4 Nf6 2. c4 e6 3. Nc3 d5 4. cxd5 exd5 5. Bg5 Be7 6. e3 O-O 7. Bd3 c6 8. Qc2
Nbd7 9. Nf3 Re8 10. O-O Nf8 11. h3 Nh5 {A typical manoeuvre for the Karlsbad
structure, which forces the exchange of the dark squared bishops, ensuring
Black some space for the coordination of his pieces. The dark side of this
move is that it places the knight on the edge of the board, on a rather
passive square.} 12. Bxe7 Qxe7 13. Rab1 Qf6 {[%csl Rf3,Rh3][%cal Yc8h3] Aiming
to imediately take advantage of the relative weakness of the h3-pawn.} ({
Curiously, the more typical move} 13... g6 {[%cal Rh5g7,Rc8f5] has not been
too popular at GM level, although White has failed to prove a convincing plan
so far.} 14. b4 a6 15. a4 Be6 16. b5 (16. Rfc1 $5 Rac8 17. Ne2) (16. a5 {
[%cal Rc3a4,Ra4c5]}) 16... axb5 17. axb5 c5 $1 18. dxc5 Qxc5 19. Rfc1 Rec8 20.
Qb2 Qa3 21. Nd4 Nd7 22. Bf1 Qxb2 23. Rxb2 Nb6 24. Rbc2 Nf6 25. h4 Bd7 26. g3
Kf8 $132 {[%csl Rb5,Rc4][%cal Yf8d6] 1/2-1/2 Ikonnikov,V-Flear,G/Parthenay
1992/EXT 2002 (41)}) 14. Ne5 {It might seem that Black's previous move has
been a mere loss of time, but the question is how stable the knight will be on
e5.} Qd6 $146 {Generally speaking, this is a good square for the queen.
However, because of Black's relative lack of coordination, it will give White
some tactical chances.} (14... Qh6 {1/2-1/2 Iskusnyh,S-Burmakin,V/St
Petersburg 1999/CBM 071/[Baburin] (50)}) 15. b4 Nf6 (15... f6 $2 16. Nf3 {
[%csl Yh5]}) 16. Na4 N8d7 17. Nxd7 $6 {I believe that White shouldn't have
given up his central domination so easily.} (17. f4 $5 $14 {deserves to be
investigated because with his incomplete development Black cannot rely on the
pin along the e-file after} Ne4 $6 18. Bxe4 dxe4 19. Qxe4 f6 $6 20. Nc4 Rxe4
21. Nxd6 Rxe3 22. Rfe1 $1 $18) 17... Bxd7 18. Nc5 Bc8 19. b5 b6 $1 (19... cxb5
20. Bxb5 Re7 21. Rfc1 $14) 20. e4 $5 {Having a better development, White is
entitled to open the position by tactical means. This is actually the only way
of fighting for the inititiative, based on the relatively exposed position of
the black queen.} (20. Nb3 cxb5 21. Bxb5 Bd7 $11) 20... Qf4 ({After} 20... bxc5
21. e5 Qe6 22. exf6 {the queen would probably be less well placed than in the
game.}) (20... dxe4 $2 21. Nxe4 Qxd4 22. Nxf6+ Qxf6 23. Bxh7+ Kh8 24. Be4 $16)
({Serious attention would have deserved} 20... Nh5 $5 {The knight is heading
for f4, putting the king side under serious pressure, mainly because of the
weakness of the h3-pawn. I have the feeling that there should be some tactical
solution for White, but have failed to find it so far.} 21. e5 (21. Rfe1 bxc5
22. dxc5 Qd8 23. exd5 cxd5 {doesn't seem to offer White sufficient
compensation either.}) 21... Qh6 22. Ne4 dxe4 23. Bxe4 Be6 24. Bxc6 Nf4 $17 {
and Black succeeds in blocking the white central pawns.}) 21. e5 bxc5 22. exf6
c4 {Black's achievments in the centre are obvious, but his king'sposition is
weak and his development incomplete.} 23. Rfe1 $5 (23. Bxh7+ Kf8 24. Rfe1 (24.
fxg7+ Kxg7 {[%csl Yh7] /\Rh8, /\f5}) 24... Rxe1+ 25. Rxe1 Qxf6 (25... cxb5 $2
26. Re8+ $1 Kxe8 27. fxg7 $18) 26. Qd2 Be6 27. bxc6 g6 28. Qh6+ Ke7 (28... Qg7
$2 29. Qf4 $1 Qxh7 30. Rxe6 $18) 29. Qe3 {[%cal Ye3a3,Ya3d6]} Kf8 $11) 23...
Rxe1+ 24. Rxe1 gxf6 25. Bxh7+ Kg7 26. Re3 Be6 (26... f5 $6 27. Rf3 Qe4 $6 (
27... Qxd4 28. Bxf5 $40) 28. Qc1 $1 Kxh7 29. Qg5 $40 f4 {[%cal Ye4g6]} (29...
Qe6 30. Rg3 Qg6 31. Qd8 $16) 30. Rxf4 Qg6 31. Rh4+ Kg7 (31... Kg8 32. Qd8+) 32.
Qe5+ f6 (32... Qf6 33. Rh7+) 33. Qc7+ Kg8 34. Qxc6 Rb8 35. Qd6 $18 {[%csl Yb8,
Yc8,Yd5,Yg8]}) 27. Rg3+ Kh8 28. bxc6 f5 (28... Rc8 $5) 29. Rf3 Qe4 30. Qc1 Kxh7
31. Rf4 (31. Qg5 $5 f4 $1 {[%cal Ye4g6]} (31... Qxf3 $2 32. Qh4+ $1 $18) 32.
Rxf4 Qg6 33. Rh4+ Kg8 34. Qe3 $44 {[%cal Yh4h5,Yh5g5,Ye3a3,Ya3d6,Yh4h6,Yh6e6]}
(34. Qe5 Qg7 $1) 34... Qg7 35. Rh5 Kf8 36. f4 $5 (36. Rg5 Qh7 37. Qa3+ Ke8 38.
Qg3 $11) 36... f5 37. Qxe6 Qxd4+ 38. Kh2 (38. Kh1 $2 Qd1+ 39. Kh2 Qxh5) 38...
Qxf4+ $11) 31... Rc8 32. Rxe4 fxe4 33. Kh2 $6 $11 {After this excessively
careful move, White loses all his winning chances.} ({While his c-pawn was
still alive, he could have tried to prevent Black from stabilising his
position with} 33. f3 $5 Rxc6 (33... exf3 {[%cal Rb1h7]} 34. Qb1+ Kg7 35. Qb5
$16 {[%csl Rc6][%cal Rb5c5]}) (33... f5 {[%csl Rh7]} 34. fxe4 fxe4 35. Qg5 (35.
Qb2 $5 {[%cal Rb2b5,Rb5c5]} Rxc6 $140 $2 36. Qb7+) 35... Rxc6 36. Qe7+ Kh6 $8
37. g4 {(/\38.g5+ Kh5 39.Qe8+)} Rb6 38. Kf2 $18 {[%cal Rh3h4,Rg4g5,Rf2g3]} (38.
h4 $6 Bxg4 39. Qg5+ Kh7 40. Qxg4 $4 Rg6 $19)) 34. fxe4 c3 (34... dxe4 35. Qf4)
35. Qc2 Kg7 36. e5 {[%csl Rg7][%cal Yg1f2,Yf2e1,Ye1c1,Rc2f2,Rf2f6,Rh3h4,Rg2g5]}
) 33... Rxc6 34. Qc3 Ra6 35. Qb2 Rc6 36. Qc3 Ra6 37. a3 Rb6 38. Qa5 Rc6 39. Qc3
Rb6 40. a4 Rb8 41. Qa5 1/2-1/2